000 00491nam a2200181Ia 4500
003 OSt
005 20260108114129.0
008 210210b1931 xxu||||| |||| 00| 0 eng d
040 _cAL
041 _aKannada
082 _a859/1187
100 _aBALASARASVATI
_9146399
_dಬಾಲಸರಸ್ವತಿ
245 _aRaniI chauduranii:
_b ರಾಣಿ ಚೌಧುರಾಣಿ
260 _aBengaluru
_b-
_c1931
690 _aKannada Fiction
_9146400
906 _a021930
942 _2ddc
_cBK
999 _c146036
_d146036